000 00611nam a2200241Ia 4500
003 OSt
005 20221005125830.0
006 a|||||r|||| 00| 0
007 ta
008 221004b |||||||| |||| 00| 0 tam d
024 _a51479
037 _cTextual
040 _aCRL
_cCRL
_btam
041 _2tam
_atam
082 _aP31,Jx1,1,3, 31L3
100 _aSubramaniva Teekitar
_9637194
245 0 _aPrayoga vivagam
260 _c1973
300 _a474p.
_ccm.
650 _aLINGUISTICS
942 _hP31,Jx1,1,3, 31L3
_cTEXL
_2cc
999 _c1055225
_d1055225